000 00758nam a22002657a 4500
001 8892
003 FISKH
005 20251030094314.0
008 251030b cb ||||| |||| 00| 0 eng d
020 _a079808837323
040 _aFISKH
_beng
_cFISKH
_dFISKH
050 _aPN6371.M25
082 _a398.6
100 _aMcKie, Roy
245 _a The riddle book /
_cRoy McKie
260 _aNew York :
_bRandom House,
_c1978.
300 _a30 unnumbered pages :
_bcolor illustrations ;
_c21 cm
505 _aE
520 _aA collection of more than thirty animal riddles and knock knock jokes.
521 8 _a160
_bLexile estimate
521 8 _aE
_bRaz-Plus
650 _aPictureback
_vRhymes
_xPoetry
942 _2ddc
_cBK
_n0
999 _c8892
_d8892